000 00345 a2200145 4500
001 47959
040 _cAnchieta - Aquarius
100 _aHeck, Lenira Almeida
240 1 0 _aO galo Tião e a vaca Malhada
_lpor
245 1 0 _aO galo Tião e a vaca Malhada
300 _a18
362 0 _a2005
650 4 _aLiteratura infanto-juvenil
942 _cBK
999 _c47959
_d47959